000 01143cam a2200289 a 4500
001 12847469
003 ARRUPE
005 20130918131927.0
008 020709s2002 dcua b 001 0 eng d
010 _a 2002283949
020 _a0934255210 (pbk.)
035 _a(OCoLC)ocm50074078
040 _aJBL
_cJBL
_dDLC
042 _alccopycat
050 0 0 _aTX359
_b.M38 2002
100 1 _aMcLaughlin, Martin Michael.
_9539
245 1 0 _aWorld food security :
_ba Catholic view of food policy in the new millennium /
_cMartin M. McLaughlin.
260 _aWashington DC :
_bCenter of Concern,
_cc2002.
300 _ax, 214p.;
_c21cm.
650 0 _aFood supply
_xMoral and ethical aspects.
_9540
650 0 _aFood supply
_xReligious aspects
_xCatholic Church.
_9541
650 0 _aHunger
_xReligious aspects
_xCatholic Church.
_9542
710 2 _aCenter of Concern (Washington, D.C.)
_9543
906 _a7
_bcbc
_ccopycat
_d2
_encip
_f20
_gy-gencatlg
942 _2lcc
_cMONOGRAPH
999 _c117874
_d117874